[Event "Nationale pupillendag 2017 - categorie H"]
[Site "Meppel"]
[Date "2017.06.17"]
[Round "6.1"]
[White "Grooten, Tommy"]
[Black "Vijver, Jonathan"]
[Result "1-0"]
[BlackElo "293"]
[WhiteElo "767"]
[LiveChessVersion "1.4.8"]

1. e4 {[%clk 0:15:19]} e5 {[%clk 0:15:20]} 2. Nf3 {[%clk 0:15:23]} Nc6
{[%clk 0:15:29]} 3. Bc4 {[%clk 0:15:30]} Bc5 {[%clk 0:15:33]} 4. c3
{[%clk 0:15:37]} d6 {[%clk 0:15:37]} 5. d4 {[%clk 0:15:44]} exd4 {[%clk 0:15:45]}
6. cxd4 {[%clk 0:15:50]} Bxd4 {[%clk 0:15:53]} 7. Nxd4 {[%clk 0:15:58]} Nxd4
{[%clk 0:16:02]} 8. Qxd4 {[%clk 0:16:05]} Nf6 {[%clk 0:16:00]} 9. Bg5
{[%clk 0:15:59]} O-O {[%clk 0:15:59]} 10. Bxf6 {[%clk 0:16:04]} Qxf6
{[%clk 0:16:02]} 11. Qxf6 {[%clk 0:16:11]} gxf6 {[%clk 0:16:11]} 12. Nc3
{[%clk 0:16:19]} c6 {[%clk 0:16:12]} 13. O-O-O {[%clk 0:16:16]} b5
{[%clk 0:16:20]} 14. Be2 {[%clk 0:16:21]} b4 {[%clk 0:16:28]} 15. Nb1
{[%clk 0:16:25]} Be6 {[%clk 0:16:26]} 16. Rxd6 {[%clk 0:16:31]} Bxa2
{[%clk 0:16:34]} 17. Nd2 {[%clk 0:16:14]} Rac8 {[%clk 0:16:38]} 18. b3
{[%clk 0:16:20]} c5 {[%clk 0:16:41]} 19. Kb2 {[%clk 0:16:28]} Bxb3
{[%clk 0:16:45]} 20. Kxb3 {[%clk 0:16:33]} c4+ {[%clk 0:16:53]} 21. Bxc4
{[%clk 0:16:40]} a5 {[%clk 0:17:01]} 22. Ra6 {[%clk 0:16:39]} Rc5
{[%clk 0:17:03]} 23. Rc1 {[%clk 0:16:42]} f5 {[%clk 0:17:05]} 24. Bxf7+
{[%clk 0:16:50]} Rxf7 {[%clk 0:17:09]} 25. Rxc5 {[%clk 0:16:58]} fxe4
{[%clk 0:17:16]} 26. Nxe4 {[%clk 0:17:06]} Re7 {[%clk 0:17:23]} 27. f3
{[%clk 0:16:57]} h5 {[%clk 0:17:27]} 28. Rxh5 {[%clk 0:16:53]} Rd7
{[%clk 0:17:36]} 29. Nf6+ {[%clk 0:17:01]} Kf7 {[%clk 0:17:42]} 30. Nxd7
{[%clk 0:17:09]} Ke7 {[%clk 0:17:57]} 31. Rh7+ {[%clk 0:17:24]} Kd8
{[%clk 0:18:01]} 32. Ra8+ {[%clk 0:17:32]} Kc7 {[%clk 0:18:10]} 33. Nc5+
{[%clk 0:17:40]} Kd6 {[%clk 0:18:19]} 34. Rd8+ {[%clk 0:17:36]} Kxc5
{[%clk 0:18:22]} 35. Rh5+ {[%clk 0:17:44]} Kc6 {[%clk 0:18:30]} 36. Rg8
{[%clk 0:17:40]} Kb6 {[%clk 0:18:36]} 37. Rg6+ {[%clk 0:17:49]} Kc7
{[%clk 0:18:45]} 38. Rh7+ {[%clk 0:17:58]} Kd8 {[%clk 0:18:54]} 39. Rg8#
{[%clk 0:18:07]} 1-0

[Event "Nationale pupillendag 2017 - categorie H"]
[Site "Meppel"]
[Date "2017.06.17"]
[Round "6.2"]
[White "Gelten, Evan"]
[Black "Verwer, Oscar"]
[Result "0-1"]
[BlackElo "456"]
[WhiteElo "508"]
[LiveChessVersion "1.4.8"]

1. e4 {[%clk 0:15:19]} d5 {[%clk 0:15:19]} 2. exd5 {[%clk 0:15:25]} Qxd5
{[%clk 0:15:27]} 3. Nc3 {[%clk 0:15:33]} Qa5 {[%clk 0:15:35]} 4. Nf3
{[%clk 0:15:41]} Nf6 {[%clk 0:15:44]} 5. Bb5+ {[%clk 0:15:49]} c6
{[%clk 0:15:49]} 6. Bc4 {[%clk 0:16:03]} Bg4 {[%clk 0:15:51]} 7. d3 e6 8. Bg5
{[%clk 0:16:08]} Be7 {[%clk 0:16:00]} 9. Bxf6 {[%clk 0:16:17]} Bxf6
{[%clk 0:16:08]} 10. O-O {[%clk 0:16:17]} O-O {[%clk 0:16:17]} 11. h3
{[%clk 0:16:26]} Bh5 {[%clk 0:16:24]} 12. a3 {[%clk 0:16:31]} Nd7
{[%clk 0:16:14]} 13. Re1 {[%clk 0:16:27]} Rfe8 {[%clk 0:16:14]} 14. d4
{[%clk 0:16:28]} Qb6 {[%clk 0:15:43]} 15. Rb1 {[%clk 0:16:31]} Bxf3
{[%clk 0:15:27]} 16. Qxf3 {[%clk 0:16:37]} Qxd4 {[%clk 0:15:28]} 17. Red1
{[%clk 0:16:42]} Qxc4 {[%clk 0:15:15]} 18. Rxd7 {[%clk 0:16:50]} b5
{[%clk 0:14:34]} 19. Rd6 {[%clk 0:16:51]} c5 {[%clk 0:14:21]} 20. b3
{[%clk 0:16:41]} Qxc3 {[%clk 0:13:56]} 21. Qxc3 {[%clk 0:16:46]} Bxc3
{[%clk 0:14:05]} 22. Rc6 {[%clk 0:16:52]} Bd4 {[%clk 0:13:35]} 23. Rd6
{[%clk 0:16:46]} e5 {[%clk 0:13:25]} 24. b4 {[%clk 0:16:51]} c4 {[%clk 0:13:27]}
25. Kf1 {[%clk 0:16:58]} Bb6 {[%clk 0:13:09]} 26. Rd7 {[%clk 0:16:54]} Re6
{[%clk 0:12:55]} 27. Rbd1 {[%clk 0:16:54]} h6 {[%clk 0:12:54]} 28. R7d6
{[%clk 0:16:57]} Rxd6 {[%clk 0:12:38]} 29. Rxd6 {[%clk 0:17:05]} Bc7
{[%clk 0:12:34]} 30. Rc6 {[%clk 0:17:09]} Bd8 {[%clk 0:12:16]} 31. Rd6
{[%clk 0:17:13]} Bg5 {[%clk 0:12:18]} 32. Rb6 {[%clk 0:17:15]} axb6
{[%clk 0:12:25]} 33. f3 {[%clk 0:17:19]} Rd8 {[%clk 0:12:27]} 34. Kf2
{[%clk 0:17:27]} Rd2+ {[%clk 0:12:28]} 35. Kg3 {[%clk 0:17:35]} Rxc2
{[%clk 0:12:35]} 36. h4 {[%clk 0:17:41]} Bf4+ {[%clk 0:12:38]} 37. Kg4
{[%clk 0:17:50]} Rxg2+ {[%clk 0:12:37]} 38. Kh3 {[%clk 0:17:58]} Rg3+
{[%clk 0:12:40]} 39. Kh2 {[%clk 0:18:03]} c3 {[%clk 0:12:42]} 40. h5
{[%clk 0:18:09]} c2 {[%clk 0:12:49]} 41. a4 {[%clk 0:18:17]} c1=Q
{[%clk 0:12:50]} 42. axb5 {[%clk 0:18:12]} Qg1# {[%clk 0:12:51]} 0-1

[Event "Nationale pupillendag 2017 - categorie H"]
[Site "Meppel"]
[Date "2017.06.17"]
[Round "7.1"]
[White "Heukelom, Aurelia"]
[Black "Grooten, Tommy"]
[Result "1/2-1/2"]
[BlackElo "767"]
[WhiteElo "578"]
[LiveChessVersion "1.4.8"]

1. d4 {[%clk 0:15:19]} d5 {[%clk 0:15:18]} 2. Nf3 {[%clk 0:15:27]} Nf6
{[%clk 0:15:19]} 3. Bg5 {[%clk 0:15:34]} c5 {[%clk 0:15:24]} 4. Bxf6
{[%clk 0:15:39]} gxf6 {[%clk 0:15:31]} 5. dxc5 {[%clk 0:15:45]} e5
{[%clk 0:15:36]} 6. e3 {[%clk 0:15:45]} Bxc5 {[%clk 0:15:27]} 7. Nc3
{[%clk 0:15:50]} Be6 {[%clk 0:15:17]} 8. Bb5+ {[%clk 0:15:53]} Nd7
{[%clk 0:15:14]} 9. Bxd7+ {[%clk 0:16:02]} Qxd7 {[%clk 0:15:19]} 10. Qd2
{[%clk 0:15:55]} O-O-O {[%clk 0:15:21]} 11. O-O-O {[%clk 0:16:02]} Kb8
{[%clk 0:15:28]} 12. Kb1 {[%clk 0:16:11]} Rhg8 {[%clk 0:15:27]} 13. Rhg1
{[%clk 0:16:17]} Bg4 {[%clk 0:14:58]} 14. h3 {[%clk 0:16:18]} Bxf3
{[%clk 0:15:05]} 15. gxf3 {[%clk 0:16:16]} Rxg1 {[%clk 0:14:51]} 16. Rxg1
{[%clk 0:16:23]} Bb4 {[%clk 0:14:47]} 17. a3 {[%clk 0:16:26]} Ba5
{[%clk 0:14:53]} 18. Rg7 {[%clk 0:15:46]} Qxh3 {[%clk 0:14:04]} 19. Rxf7
{[%clk 0:15:34]} Qf1+ {[%clk 0:14:01]} 20. Ka2 {[%clk 0:15:37]} Qc4+
{[%clk 0:14:07]} 21. Ka1 {[%clk 0:15:31]} Qf1+ {[%clk 0:14:13]} 22. Ka2
{[%clk 0:15:36]} Qc4+ {[%clk 0:14:21]} 23. Ka1 {[%clk 0:15:44]} Qf1+
{[%clk 0:14:29]} 24. Ka2 {[%clk 0:15:52]} 1/2-1/2

[Event "Nationale pupillendag 2017 - categorie H"]
[Site "Meppel"]
[Date "2017.06.17"]
[Round "7.2"]
[White "Verwer, Oscar"]
[Black "Van Rijn, Vincent"]
[Result "0-1"]
[BlackElo "424"]
[WhiteElo "456"]
[LiveChessVersion "1.4.8"]

1. e4 e5 {[%clk 0:15:20]} 2. Nf3 {[%clk 0:15:27]} Nc6 {[%clk 0:15:28]} 3. d4
{[%clk 0:15:36]} exd4 {[%clk 0:15:36]} 4. Nxd4 Nxd4 {[%clk 0:15:44]} 5. Qxd4
{[%clk 0:15:53]} Nf6 {[%clk 0:15:50]} 6. e5 c5 {[%clk 0:15:49]} 7. Qh4
{[%clk 0:15:43]} Nd5 {[%clk 0:15:44]} 8. Qe4 {[%clk 0:15:14]} Ne7
{[%clk 0:15:37]} 9. Bd3 {[%clk 0:15:15]} Qa5+ {[%clk 0:15:37]} 10. Bd2
{[%clk 0:15:20]} Qb6 {[%clk 0:15:31]} 11. b3 {[%clk 0:15:25]} d5 {[%clk 0:14:47]}
12. exd6 f5 {[%clk 0:14:30]} 13. Qf4 {[%clk 0:15:03]} Ng6 {[%clk 0:14:16]} 14.
Qe3+ {[%clk 0:14:55]} Kd7 {[%clk 0:13:41]} 15. Bxf5+ {[%clk 0:14:59]} Kd8
{[%clk 0:13:37]} 16. Qg5+ {[%clk 0:14:40]} Ke8 {[%clk 0:12:50]} 17. Bxc8
{[%clk 0:14:37]} Rxc8 {[%clk 0:12:55]} 18. Qd5 {[%clk 0:14:31]} Bxd6
{[%clk 0:12:58]} 19. O-O {[%clk 0:14:37]} Rd8 {[%clk 0:12:42]} 20. Re1+
{[%clk 0:14:35]} Be7 {[%clk 0:12:39]} 21. Qe4 {[%clk 0:14:09]} c4
{[%clk 0:11:41]} 22. bxc4 {[%clk 0:13:13]} Rf8 {[%clk 0:11:17]} 23. Be3
{[%clk 0:12:54]} Qf6 {[%clk 0:10:25]} 24. c3 {[%clk 0:11:36]} Nh4 25. Bd4
{[%clk 0:11:40]} Rxd4 {[%clk 0:10:08]} 26. cxd4 {[%clk 0:11:11]} Kd8
{[%clk 0:09:21]} 27. f3 Qg5 28. g3 {[%clk 0:10:45]} Ng6 {[%clk 0:09:23]} 29. Nc3
{[%clk 0:10:10]} Bb4 {[%clk 0:08:50]} 30. Rac1 {[%clk 0:09:39]} Bxc3
{[%clk 0:08:53]} 31. Rxc3 {[%clk 0:09:45]} Qe7 {[%clk 0:08:42]} 32. Qd5+
{[%clk 0:09:44]} Qd7 {[%clk 0:08:41]} 33. Qg5+ {[%clk 0:09:39]} Ne7
{[%clk 0:08:42]} 34. Qxg7 {[%clk 0:09:30]} Re8 {[%clk 0:07:47]} 35. Rce3
{[%clk 0:08:51]} Qc7 {[%clk 0:07:31]} 36. Rxe7 {[%clk 0:08:32]} Rxe7
{[%clk 0:07:37]} 37. Qg8+ {[%clk 0:08:40]} Kd7 {[%clk 0:07:28]} 38. Qg4+
{[%clk 0:08:26]} Kd8 {[%clk 0:07:28]} 39. Rxe7 {[%clk 0:08:29]} Qxe7
{[%clk 0:07:18]} 40. f4 {[%clk 0:08:37]} Qe1+ {[%clk 0:07:24]} 41. Kg2
{[%clk 0:08:45]} Qe8 {[%clk 0:06:53]} 42. f5 {[%clk 0:08:50]} h5 {[%clk 0:06:58]}
43. Qg5+ {[%clk 0:08:50]} Kc8 {[%clk 0:07:02]} 44. f6 {[%clk 0:08:51]} Qe2+
{[%clk 0:06:49]} 45. Kg1 {[%clk 0:08:43]} Qe1+ {[%clk 0:06:28]} 46. Kg2
{[%clk 0:08:49]} Qe2+ {[%clk 0:06:33]} 47. Kh1 {[%clk 0:08:52]} Qf1# 0-1